000
00303nam a2200109Ia 4500
008
220630s9999 xx 000 0 und d
020
_a
0-521-14698-4
082
_a
428.2496ACHE
100
_a
Achebe, Chinua
_9
1515
245
0
_a
CHIKE AND THE RIVER
942
_c
BK
_w
561
_x
John Tresidder
_y
_z
CRON CRON
999
_c
694205
_d
694204